| 000 | 00610nam a2200229Ia 4500 | ||
|---|---|---|---|
| 003 | IT-RoPAU | ||
| 008 | 120407s9999 xx 000 0 und d | ||
| 040 | _aIT-RoPAU | ||
| 040 | _cIT-RoPAU | ||
| 041 | _aita | ||
| 100 | _aArmando Guidetti | ||
| 100 | _cs.j. | ||
| 245 | _aLe missioni popolari. I grandi Gesuiti italiani. Disegno storico- biografico delle missioni popolari dei gesuiti d’Italia dalle origini al concilio Vat. II. | ||
| 250 | _aMilano | ||
| 260 | _aRusconi | ||
| 260 | _c1988 | ||
| 300 | _c22 cm | ||
| 490 | _aDimensione religiosa | ||
| 490 | _v1 | ||
| 942 | _cBK | ||
| 999 |
_c17567 _d17567 |
||